| 000 | 00830nam a22002297a 4500 | ||
|---|---|---|---|
| 999 |
_c10184 _d10184 |
||
| 003 | AR-CdUCM | ||
| 008 | 190329b ||||| |||| 00| 0 spa d | ||
| 040 |
_aMUNICIPALIDAD PROVINCIAL DEL CUSCO _cBIBLIOTECA MUNICIPAL DEL CUSCO |
||
| 041 | _heng | ||
| 082 |
_aES / 800 / _bB62B |
||
| 100 |
_aBlyton, Enid _926549 |
||
| 245 | _aAventura en el barco / | ||
| 260 |
_aEspaña : _bEditorial Molino, _c1956. |
||
| 300 |
_a252 páginas ; _bIlustraciones, _c20 cm. |
||
| 505 | _aContenido: Un gran plan para las vacaciones -- A bordo del Viking Star -- Los viajeros se instalan -- Jorge aumenta el numero del grupo -- LLega Luciano. | ||
| 650 |
_aLiteratura juvenil _91580 |
||
| 650 |
_aFicción _9184 |
||
| 650 |
_aSIglo XX _97898 |
||
| 700 |
_aLopez Hipkiss, Guillermo (traducción) _926890 |
||
| 942 |
_2ddc _cLIBROS |
||
| 945 | _adavv | ||